Champions League 2011-2012 group stages - Statistics

General Stats
  • This quiz has been taken 1,161 times
    1,160 since last reset
  • The average score is 19 of 32
Answer Stats
Hint Answer % Correct
Group C England Manchester United
93%
Group H Spain Barcelona
92%
Group D Spain Real Madrid
92%
Group A Germany Bayern Munich
91%
Group E England Chelsea
91%
Group H Italy AC Milan
90%
Group B Italy Internazionale
90%
Group A England Manchester City
90%
Group F England Arsenal
86%
Group G Portugal FC Porto
81%
Group D Netherlands Ajax Amsterdam
78%
Group C Portugal Benfica
77%
Group E Spain Valencia
75%
Group D France Lyon
74%
Group A Italy Napoli
69%
Group F France Marseille
66%
Group F Germany Borussia Dortmund
63%
Group G Russia Zenit St Petersburg
61%
Group C Switzerland FC Basel
60%
Group B Russia CSKA Moscow
56%
Group B France Lille
52%
Group D Croatia Dinamo Zagreb
46%
Group E Germany Bayer Leverkusen
42%
Group F Greece Olympiakos
39%
Group H Belarus BATE Borisov
36%
Group G Ukraine Shakhtar Donetsk
34%
Group G Crete APOEL Nicosia
32%
Group A Spain Villarreal
30%
Group B Turkey Trabzonspor
23%
Group H Czech Republic Viktoria Plzen
20%
Group C Romania Otelul Galati
13%
Group E Belgium Racing Genk
7%
No matching quizzes found
Score Distribution
Percent of People with Each Score
Percentile by Number Answered
Your Score History
You have not taken this quiz since the last reset